Secrets of electronic commerce : (Record no. 283867)
[ view plain ]
| 000 -LEADER | |
|---|---|
| fixed length control field | 01518cam a2200361 a 4500 |
| 001 - CONTROL NUMBER | |
| control field | 13557977 |
| 003 - CONTROL NUMBER IDENTIFIER | |
| control field | PILC |
| 005 - DATE AND TIME OF LATEST TRANSACTION | |
| control field | 20150506154900.0 |
| 008 - FIXED-LENGTH DATA ELEMENTS--GENERAL INFORMATION | |
| fixed length control field | 031209s2001 bg bf 001 0 eng |
| 010 ## - LIBRARY OF CONGRESS CONTROL NUMBER | |
| LC control number | 2003328444 |
| 020 ## - INTERNATIONAL STANDARD BOOK NUMBER | |
| International Standard Book Number | 9291371734 |
| 025 ## - OVERSEAS ACQUISITION NUMBER | |
| Overseas acquisition number | B-E-2003-328444; 22 |
| 035 ## - SYSTEM CONTROL NUMBER | |
| System control number | (DLC) 2003328444 |
| 037 ## - SOURCE OF ACQUISITION | |
| Source of stock number/acquisition | Library of Congress -- New Delhi Overseas Office |
| Terms of availability | Tk500.00 ($10.00 U.S.) |
| 040 ## - CATALOGING SOURCE | |
| Original cataloging agency | DLC |
| Transcribing agency | DLC |
| 042 ## - AUTHENTICATION CODE | |
| Authentication code | lcode |
| 043 ## - GEOGRAPHIC AREA CODE | |
| Geographic area code | a-bg--- |
| 050 00 - LIBRARY OF CONGRESS CALL NUMBER | |
| Classification number | HF 5548.32 |
| Item number | .Se446 2000 |
| 245 00 - TITLE STATEMENT | |
| Title | Secrets of electronic commerce : |
| Remainder of title | a guide for small and medium sized enterprises. |
| 260 ## - PUBLICATION, DISTRIBUTION, ETC. (IMPRINT) | |
| Place of publication, distribution, etc | Switzerland : |
| Name of publisher, distributor, etc | International Trade Center, |
| Date of publication, distribution, etc | 2000. |
| 300 ## - PHYSICAL DESCRIPTION | |
| Extent | x, 321 pages : |
| Dimensions | 31 cm. |
| Other physical details | illustrations ; |
| 490 1# - SERIES STATEMENT | |
| Series statement | [Trade secrets series / International Trade Centre] |
| 500 ## - GENERAL NOTE | |
| General note | Includes bibliographical references and index.<br/>Series statement on cover. |
| 520 ## - SUMMARY, ETC. | |
| Summary, etc | Handbook on electronic commerce and its validity; a study by Dacca Chamber of Commerce & Industry under a joint agreement with the International Trade Centre UNCTAD/WTO; with partial reference to Bangladesh. |
| 650 #0 - SUBJECT ADDED ENTRY--TOPICAL TERM | |
| Topical term or geographic name as entry element | Electronic commerce |
| Form subdivision | Handbooks, manuals, etc. |
| 650 #0 - SUBJECT ADDED ENTRY--TOPICAL TERM | |
| Topical term or geographic name as entry element | Electronic commerce |
| Geographic subdivision | Bangladesh |
| Form subdivision | Handbooks, manuals, etc. |
| 710 2# - ADDED ENTRY--CORPORATE NAME | |
| Corporate name or jurisdiction name as entry element | Philippine Trade Training Center. |
| 710 2# - ADDED ENTRY--CORPORATE NAME | |
| Corporate name or jurisdiction name as entry element | International Trade Centre UNCTAD CNUCED/ WTO OMC. |
| 830 #0 - SERIES ADDED ENTRY--UNIFORM TITLE | |
| Uniform title | Trade secrets series. |
| 906 ## - LOCAL DATA ELEMENT F, LDF (RLIN) | |
| a | 7 |
| b | cbc |
| c | origode |
| d | 3 |
| e | ncip |
| f | 20 |
| g | y-gencatlg |
| 942 ## - ADDED ENTRY ELEMENTS (KOHA) | |
| Source of classification or shelving scheme | Library of Congress Classification |
| Koha item type | Books |
| Withdrawn status | Lost status | Source of classification or shelving scheme | Damaged status | Home library | Current library | Shelving location | Date acquired | Source of acquisition | Total Checkouts | Full call number | Barcode | Date last seen | Price effective from | Koha item type |
|---|---|---|---|---|---|---|---|---|---|---|---|---|---|---|
| Library of Congress Classification | Southville International School Affiliated with Foreign Universities Library | Southville International School Affiliated with Foreign Universities Library | Southville Foreign University Section | 05/06/2015 | Donation | HF 5548.32 .Se446 2000 | SFU1896 | 05/15/2018 | 05/06/2015 | Books |